000 00516nam a2200145 a 4500
008 120416s0000 ||||||||||||||||| || u
020 _a0712106405
050 _aHF 5635 Jon
100 _aJones, Graham
245 1 0 _aFinancial practice and control
260 _aEastover, [Plymouth]
_bMacDonald & Evans
_c1982
300 _aviii, 148p. : ill.
350 _a0.00
995 _D0.00
_FCBU-MAIN LIBRARY (Kitwe)
_H1
_I3.95
_UAVAILABLE
_ZAnnex Low-Usage Collection
999 _c43423
_d43423